000 00683nam a2200253 4500
001 2670473
003 GBCCL
005 20241126110339.0
008 740802s1974 tnu b 000 0 eng
010 _a 73085697
020 _a0805482296
040 _aDLC
_cDLC
_dDLC
050 0 0 _aBT825
_b.B74
082 0 0 _a236.1
_bBRO
100 1 _aBrooks, D. P.
245 1 0 _aDealing with death--a Christian perspective
_c[by] D. P. Brooks.
260 _aNashville,
_bBroadman Press
_c[1974]
300 _a126 p.
_c21 cm.
350 _a$1.50
504 _aIncludes bibliographical references.
650 0 _aDeath.
906 _a7
_bcbc
_corignew
_d2
_eopcn
_f19
_gy-gencatlg
942 _2ddc
_cBK
999 _c481
_d481